000 00339nam a2200145Ia 4500
008 230312s9999||||xx |||||||||||||| ||und||
082 _a004
_bCHA-C
100 _aProf. Mahmood Ahmad Ch.
245 0 _aComputer Science
260 _bMajeed Book Depot
_aLahore
_c2006
300 _a344
546 _aEng.
650 _aComputer
942 _cBK
999 _c3349
_d3349